banner koha

Tephrosia (Leguminosae) no estado do Ceará, Nordeste do Brasil (Registro n. 332248)

MARC details
000 -LÍDER
fixed length control field 03148nab a2200253 i 4500
003 - CÓDIGO MARC DA AGÊNCIA CATALOGADORA
Campo de controle BR-BrBNA
005 - DATA E HORA DA ÚLTIMA ATUALIZAÇÃO
Campo de controle 20250626161744.0
008 - CAMPO DE TAMANHO FIXO
fixed length control field 250626b2018 bl.qr|pooa||| 00| 0 por |
040 ## - FONTE DA CATALOGAÇÃO
Agência catalogadora BR-BrBNA
Idioma da catalogação por
072 ## - CATEGORIA AGRIS
Código AGRIS F70
100 ## - ENTRADA PRINCIPAL - NOME PESSOAL
Nome pessoal Ribeiro, Rayane de Tasso Moreira
100 ## - ENTRADA PRINCIPAL - NOME PESSOAL
Nome pessoal Queiroz, Rubens Teixeira de
100 ## - ENTRADA PRINCIPAL - NOME PESSOAL
Nome pessoal Loiola, Maria Iracema Bezerra
245 ## - TÍTULO PRINCIPAL
Título principal Tephrosia (Leguminosae) no estado do Ceará, Nordeste do Brasil
500 ## - NOTA GERAL
Nota geral Publicação on-line; 32 ref.; 3 illus.; Summaries (En, Pt)
942 ## - ADDED ENTRY ELEMENTS (KOHA)
Koha item type Analítica
520 ## - NOTA DE RESUMO
Nota de conteúdo <br/><br/>Resumo<br/><br/>Este estudo realizou um levantamento florístico dos representantes de Tephrosia no estado do Ceará, como parte do<br/>projeto “Flora do Ceará”. O estudo foi baseado na análise comparativa dos caracteres morfológicos de espécimes<br/>depositados nos herbários EAC, ESA, HUEFS, IPA, MBM, MOSS, TEPB e UFRN, bibliografias especializadas,<br/>fotos de materiais-tipo, além de coletas e observações de campo. Para o estado foram registradas cinco espécies de<br/>Tephrosia: T. cinerea, T. domingensis, T. egregia, T. purpurea e T. sinapou. As espécies ocorrem preferencialmente<br/>próximo ao litoral, em solos arenosos e antropizados, como floresta estacional semidecidual das terras baixas<br/>(tabuleiro costeiro) e vegetação com influência marinha (restinga), com exceção de T. domingensis encontrada nos<br/>topos serranos em floresta ombrófila densa (mata úmida). Tephrosia sinapou é nova ocorrência para o Ceará. As<br/>espécies, em sua maioria, apresentam ampla distribuição e ocorrem em quatro unidades de conservação no Ceará.<br/><br/>Palavras-chave: conservação, distribuição, Leguminosae, Millettieae, tabuleiro costeiro.<br/><br/><br/><br/><br/>Abstract<br/><br/>This study presents a floristic survey of Tephrosia occurring in the Ceará state, as part of “Flora of Ceará”<br/>project. The study was based on the comparative analysis of morphological characters of specimens deposited<br/>in herbaria EAC, ESA, HUEFS, IPA, MBM, MOSS, TEPB and UFRN, bibliography, photo-type material,<br/>along with collections and field observations. Five species of Tephrosia were recorded in the state: T. cinerea, <br/>T. domingensis, T. egregia, T. purpurea e T. sinapou. The species occur preferentially near the coast, in sandy<br/>and antropic soils, like seasonal semideciduous forest of the lowlands (coastal board) and vegetation with marine<br/>influence (restinga), with the exception of T. domingensis founded in mountain tops in ombrofilous dense forest<br/>(wet forest). Tephrosia sinapou is a new record for Ceará state. Most species are widely distributed and occur in<br/>four natural reserves in Ceará.<br/><br/>Key words: conservation, distribution, Leguminosae, Millettieae, coastal board.
650 ## - ASSUNTO - THESAGRO
Cabeçalho tópico ou nome geográfico CONSERVAÇÃO
650 ## - ASSUNTO - THESAGRO
Cabeçalho tópico ou nome geográfico DISTRIBUIÇÃO GEOGRÁFICA
650 ## - ASSUNTO - THESAGRO
Cabeçalho tópico ou nome geográfico LEGUMINOSAE
773 0# - ENTRADA ANALÍTICA
Host Biblionumber 709
Registro do item 351158
Imprenta Rio de Janeiro-RJ Jardim Botanico do Rio de Janeiro 1935
Outro identificador 2025-3781
Título Rodriguésia (Brazil)
ISSN 0370-6583; 2175-7860 on-line
Colação v. 69(4) p. 1877-1887; (2018)
Número de controle de registro BR2025003045
856 ## - ACESSO E ENDEREÇO ELETRÔNICO
Identificador uniforme de recurso - URI https://www.scielo.br/j/rod/a/kfymMLjLQ7TyqTJR4skztLc/?format=pdf&lang=pt

Nenhum exemplar disponível.

BINAGRI

Telefone: (61)3218-2567/2388/3357/2097 - binagri@agro.gov.br

Ministério da Agricultura e Pecuária , Esplanada dos Ministérios, Bloco D, Anexo B, Brasília/DF, CEP: 70.043-900